000 00303nam a2200121Ia 4500
008 231107s2012 xx 000 0 und d
041 _aeng
082 _a624
100 _aMatteson Donna
245 _aCivil Engineering & Architecture
260 _aSpain
_bDelmar Cengage Learning
_c2012
300 _a710
999 _c932221
_d932221